Кн. 3: Материалы замедлителя, отражателя и регулирующих устройств; Металловедение реакторных материалов

Bibliographic Details
Parent link:Металловедение реакторных материалов: обзоры/ под ред. Д. М. Скорова. Кн. 3: Материалы замедлителя, отражателя и регулирующих устройств.— , 1962
Language:Russian
Published: 1962
Subjects:
Format: MixedMaterials Book
KOHA link:https://koha.lib.tpu.ru/cgi-bin/koha/opac-detail.pl?biblionumber=105841

MARC

LEADER 00000nam2a2200000 4500
001 105841
005 20231031114657.0
035 |a (RuTPU)RU\TPU\book\114207 
090 |a 105841 
100 |a 20061122d1962 m y0rusy50 ca 
101 1 |a rus  |c eng 
102 |a RU 
105 |a a z 001zy 
200 0 |a Кн. 3: Материалы замедлителя, отражателя и регулирующих устройств 
210 |d 1962 
215 |a 114 с.  |c граф. 
320 |a Библиогр. в конце гл. 
461 1 |0 (RuTPU)RU\TPU\book\134240  |t Металловедение реакторных материалов  |o обзоры  |o в 3 кн.  |f под ред. Д. М. Скорова  |v Кн. 3: Материалы замедлителя, отражателя и регулирующих устройств  |d 1962 
610 1 |a металловедение 
610 1 |a реакторные материалы 
610 1 |a ядерные реакторы 
610 1 |a материалы 
610 1 |a замедлители 
610 1 |a отражатели 
610 1 |a регулирующие устройства 
675 |a 621.384.12  |v 3 
675 |a 621.7М.01  |v 3 
801 1 |a RU  |b 63413507  |c 20061122  |g PSBO 
801 2 |a RU  |b 63413507  |c 20220222  |g PSBO 
900 |a Материалы ядерных установок 
900 |a Специальные материалы ядерных энергетических установок 
942 |c BK